Modern ferrite technology / (Record no. 382)

000 -LEADER
fixed length control field 00554nam a22002054a 4500
001 - CONTROL NUMBER
control field 382
003 - CONTROL NUMBER IDENTIFIER
control field BD-DhUET
008 - FIXED-LENGTH DATA ELEMENTS--GENERAL INFORMATION
fixed length control field 050907s2005 nyua b 001 0 eng
020 ## - INTERNATIONAL STANDARD BOOK NUMBER
International Standard Book Number 0387281517
040 ## - CATALOGING SOURCE
Original cataloging agency DLC
Transcribing agency DLC
Modifying agency BD-DhUET
082 00 - DEWEY DECIMAL CLASSIFICATION NUMBER
Classification number 538.3
Item number GOL/2005
100 1# - MAIN ENTRY--PERSONAL NAME
Personal name Goldman, Alex.
245 10 - TITLE STATEMENT
Title Modern ferrite technology /
Statement of responsibility, etc. by Alex Goldman.
250 ## - EDITION STATEMENT
Edition statement 2nd ed.
260 ## - PUBLICATION, DISTRIBUTION, ETC. (IMPRINT)
Place of publication, distribution, etc. New York, NY :
Name of publisher, distributor, etc. Springer,
Date of publication, distribution, etc. 2005.
300 ## - PHYSICAL DESCRIPTION
Extent xiv, 438 p. :
Other physical details ill. ;
Dimensions 24 cm.
504 ## - BIBLIOGRAPHY, ETC. NOTE
Bibliography, etc Includes bibliographies.
650 #0 - SUBJECT ADDED ENTRY--TOPICAL TERM
Topical term or geographic name as entry element Ferrites (Magnetic materials)
942 ## - ADDED ENTRY ELEMENTS (KOHA)
Koha item type General Book
Holdings
Date acquired Shelving location Not for loan Koha item type Source of classification or shelving scheme Koha normalized classification for sorting Withdrawn status Piece designation (barcode) Sublocation or collection (holding branch) Koha date last seen Location (home branch) Lost status Copy number Damaged status Koha full call number Price effective from
2014-07-21Circulation section General Book 538_000000000000000_3GOL2006 110480Central Library, BUET2017-05-23Central Library, BUET 1 538.3/GOL/20062014-07-21